Creating literacy instruction for all children / (Record no. 7507)
[ view plain ]
| 000 -LEADER | |
|---|---|
| fixed length control field | 01144nam a2200289 4500 |
| 001 - CONTROL NUMBER | |
| control field | 1212237 |
| 005 - DATE AND TIME OF LATEST TRANSACTION | |
| control field | 20150514093427.0 |
| 008 - FIXED-LENGTH DATA ELEMENTS--GENERAL INFORMATION | |
| fixed length control field | 000 |
| 010 ## - LIBRARY OF CONGRESS CONTROL NUMBER | |
| LC control number | 99012995 |
| 020 ## - INTERNATIONAL STANDARD BOOK NUMBER | |
| International Standard Book Number | 020528793X |
| 040 ## - CATALOGING SOURCE | |
| Original cataloging agency | UOEL |
| Transcribing agency | DLC |
| Modifying agency | DLC |
| 050 00 - LIBRARY OF CONGRESS CALL NUMBER | |
| Classification number | LB1573 |
| Item number | .G93 2000 |
| 082 00 - DEWEY DECIMAL CLASSIFICATION NUMBER | |
| Classification number | 372.6 |
| Edition number | 21 |
| 100 1# - MAIN ENTRY--PERSONAL NAME | |
| Personal name | Gunning, Thomas G. |
| 245 10 - TITLE STATEMENT | |
| Title | Creating literacy instruction for all children / |
| Statement of responsibility, etc | Thomas G. Gunning. |
| 250 ## - EDITION STATEMENT | |
| Edition statement | 3rd ed. |
| 260 ## - PUBLICATION, DISTRIBUTION, ETC. (IMPRINT) | |
| Place of publication, distribution, etc | Boston : |
| Name of publisher, distributor, etc | Allyn and Bacon, |
| Date of publication, distribution, etc | c2000. |
| 300 ## - PHYSICAL DESCRIPTION | |
| Extent | xvi, 592 p. : |
| Other physical details | ill. ; |
| Dimensions | 25 cm. |
| 500 ## - GENERAL NOTE | |
| General note | Rev. ed. of: Creating reading instruction for all children. 2nd ed. c1996. |
| 504 ## - BIBLIOGRAPHY, ETC. NOTE | |
| Bibliography, etc | Includes bibliographical references (p. 555-576) and index. |
| 650 #0 - SUBJECT ADDED ENTRY--TOPICAL TERM | |
| Topical term or geographic name as entry element | Reading (Elementary) |
| Topical term or geographic name as entry element | English language |
| General subdivision | Composition and exercises |
| -- | Study and teaching (Elementary) |
| 700 1# - ADDED ENTRY--PERSONAL NAME | |
| Personal name | Gunning, Thomas G. |
| Title of a work | Creating reading instruction for all children. |
| 906 ## - LOCAL DATA ELEMENT F, LDF (RLIN) | |
| a | 7 |
| b | cbc |
| c | orignew |
| d | 1 |
| e | ocip |
| f | 19 |
| g | y-gencatlg |
| 942 ## - ADDED ENTRY ELEMENTS (KOHA) | |
| Source of classification or shelving scheme | Library of Congress Classification |
| Item type | Loan - Normal on open shelf |
| Withdrawn status | Lost status | Source of classification or shelving scheme | Damaged status | Not for loan | Home library | Current library | Shelving location | Date acquired | Total Checkouts | Full call number | Barcode | Date last seen | Copy number | Price effective from | Koha item type |
|---|---|---|---|---|---|---|---|---|---|---|---|---|---|---|---|
| Library of Congress Classification | UOE Main Library | UOE Main Library | Open shelf | 14/05/2015 | LB1573 .G93 2000 | 20146020 | 27/04/2026 | 20146020 | 14/05/2015 | Loan - Normal on open shelf |
